[Event "Open"]
[Site "Halkidiki GRE"]
[Date "2008.05.04"]
[Round "8"]
[White "Karountzos,N"]
[Black "Breahna,R"]
[Result "0-1"]
[WhiteElo "2019"]
[BlackElo "2310"]

1.d4 Nf6 2.Bg5 c5 3.dxc5 Qa5+ 4.c3 Qxc5 5.Nf3 b6 6.Nbd2 Bb7 7.e3 e6 8.Bd3 Be7
9.Qc2 Qc7 10.Rd1 h6 11.Bf4 d6 12.h3 O-O 13.Ne4 Nd5 14.Bh2 Nd7 15.a3 f5 16.Ned2 Nc5
17.Bc4 Qd7 18.b4 Na4 19.Bxd5 Bxd5 20.c4 Rac8 21.Qb3 Ba8 22.c5 Bd5 23.Nc4 Bxc4
24.Qxc4 Nb2 25.Qd4 Nxd1 26.Qxd1 bxc5 27.bxc5 Rxc5 28.O-O Rfc8 29.Ne5 Qe8
30.Nd3 Rc3 31.Bf4 Qf7  0-1

[Event "Open"]
[Site "Halkidiki GRE"]
[Date "2008.05.04"]
[Round "8"]
[White "Bayram,Y"]
[Black "Shavtvaladze,N"]
[Result "0-1"]
[WhiteElo "2337"]
[BlackElo "2437"]

1.d4 Nf6 2.Bg5 c5 3.d5 Qb6 4.Bc1 e6 5.Nc3 exd5 6.Nxd5 Nxd5 7.Qxd5 d6 8.Qb3 Nc6
9.e3 Bf5 10.Bd3 Qxb3 11.axb3 Bxd3 12.cxd3 Be7 13.Bd2 d5 14.Nf3 O-O-O 15.d4 b6
16.Bc3 f6 17.h4 h5 18.Kd2 Kb7 19.Ne1 cxd4 20.exd4 Rhe8 21.Nd3 Bd6 22.b4 b5
23.b3 Re4 24.f3 Re7 25.Rae1 Rde8 26.Rxe7+ Rxe7 27.Nc5+ Kc7 28.Kd3 Bf4 29.Re1 Kd6
30.g4 Rxe1 31.Bxe1 g6 32.Na6 Ne7 33.Bf2 Ng8 34.Ke2 Nh6 35.Nc5 hxg4 36.Nd3 Bh2
37.fxg4 Nxg4 38.Be1 Ke6 39.Kf3 Kf5 40.Bg3 Bxg3 41.Kxg3 Ne3 42.Nc5 Nc2 43.Nb7 Nxd4
44.Nd6+ Ke5 45.Nf7+ Ke6 46.Nh8 Nf5+ 47.Kg4 Ne7 48.Kf4 f5 49.Kg5 d4  0-1

[Event "11th IHEM"]
[Site "Hamburg GER"]
[Date "2008.05.10"]
[Round "1"]
[White "Reddmann,H"]
[Black "Colpe,M"]
[Result "1/2-1/2"]
[WhiteElo "2351"]
[BlackElo "2089"]

1.d4 Nf6 2.Bg5 d5 3.Bxf6 exf6 4.Nd2 Bd6 5.e4 dxe4 6.Nxe4 O-O 7.Bd3 Re8 8.Ne2 Bg4
9.f3 Bh5 10.Nxd6 Qxd6 11.c3 c5 12.O-O Bg6 13.Rf2 Bxd3 14.Qxd3 Nc6 15.Rd1 Rad8
16.d5 Ne5 17.Qb1 c4 18.Nf4 Qc5 19.Rd4 Rd6 20.Qc2 b5 21.Kf1 a5 22.Re2 Red8
23.h4 g6 24.Ree4 Kg7 25.Qe2 Nd3 26.Nxd3 cxd3 27.Qxd3 Rxd5 28.Rxd5 Rxd5 29.Rd4 Rxd4
30.Qxd4 Qf5 31.Qd1 Qf4 32.Qb3 b4 33.cxb4 axb4 34.h5 gxh5 35.a3 Qc1+ 36.Kf2 Qd2+
37.Kf1 Qc1+ 38.Kf2  1/2-1/2

[Event "ENCI Limburg Open"]
[Site "Maastricht NED"]
[Date "2008.05.10"]
[Round "2"]
[White "Tate,E"]
[Black "Gijsen,S"]
[Result "1-0"]
[WhiteElo "2378"]
[BlackElo "2079"]

1.d4 Nf6 2.Bg5 d5 3.Bxf6 gxf6 4.e3 c5 5.Nc3 Nc6 6.Nge2 e6 7.Qd2 f5 8.a3 Bg7
9.dxc5 Qa5 10.Nd4 Qxc5 11.Bb5 Bd7 12.Bxc6 Bxc6 13.O-O O-O 14.f4 Rac8 15.Rf3 Bd7
16.Kh1 Qc4 17.Rg1 f6 18.Qf2 Rf7 19.Rh3 e5 20.Nf3 Re8 21.Rd1 Bc6 22.Nh4 d4
23.exd4 Rd8 24.Nxf5 Qe6 25.Rh5 exd4 26.Nxd4 Qg4 27.Rh4 Qg6 28.Rh3 Rfd7 29.Rg3 Qf7
30.f5 Kh8 31.Nce2 Qh5 32.Rf1 Re8 33.Nf4 Qh4 34.Nxc6 bxc6 35.Qf3 Bh6 36.Rg4 Qe1
37.Ne6 Qe5 38.Rh4 Bd2 39.Qxc6 Qe2 40.Rg1 Rde7 41.Qe4 Qf2 42.Rh3 Rg8 43.Rf3 Qb6
44.Rd3 Bh6 45.Qb4  1-0

[Event "Mayors Cup Open"]
[Site "Mumbai IND"]
[Date "2008.05.13"]
[Round "4"]
[White "Rahman,Zia"]
[Black "Shashikant,K"]
[Result "1-0"]
[WhiteElo "2511"]
[BlackElo "2356"]

1.d4 Nf6 2.Bg5 g6 3.Nd2 Bg7 4.c3 O-O 5.e4 d6 6.Ngf3 h6 7.Bh4 Qe8 8.Bd3 e5
9.O-O Nh5 10.Re1 Nc6 11.dxe5 dxe5 12.b4 Nf4 13.Bf1 Bg4 14.h3 Be6 15.Nb3 g5
16.Bg3 Rd8 17.Qc2 Qe7 18.Nfd2 Rfe8 19.Nc4 Qf6 20.Ne3 Ne7 21.Rad1 Qg6 22.Bb5 c6
23.Bf1 f5 24.Nc5 Bc8 25.exf5 Nxf5 26.Nxf5 Rxd1 27.Nxh6+ Qxh6 28.Qxd1 Bf6
29.Ne4 Be7 30.Qb3+ Kg7 31.c4 g4 32.Qc3 Bf6 33.Nxf6 Qxf6 34.Bxf4 Qxf4 35.g3 Qf6
36.hxg4 Bxg4 37.Bg2 Bf5 38.Qe3 a6 39.Be4 Bg4 40.f3 Be6 41.Bd3 Bf7 42.Kg2 Rd8
43.Bf1 Re8 44.a3 Bg6 45.Bd3 Bf7 46.Qe4 Rd8 47.Qh7+ Kf8 48.Qf5 Kg7 49.c5 Bd5
50.Qg4+ Kf8 51.Re3 Be6 52.Qh5 Bf7 53.Qf5 Kg7 54.g4 Rd5 55.Qxf6+ Kxf6 56.Kg3 Rd8
57.Bf5 Rh8 58.f4 exf4+ 59.Kxf4 Bd5 60.g5+ Kf7 61.Rg3 Kg7 62.Rh3  1-0

[Event "Mayors Cup Open"]
[Site "Mumbai IND"]
[Date "2008.05.15"]
[Round "7"]
[White "Abdulla,AlR"]
[Black "Kamble,V"]
[Result "1-0"]
[WhiteElo "2514"]
[BlackElo "2378"]

1.d4 Nf6 2.Bg5 d5 3.e3 c5 4.c3 Qb6 5.Qb3 e6 6.Nd2 Nc6 7.Ngf3 Bd6 8.Be2 Qc7
9.dxc5 Bxc5 10.O-O O-O 11.Bxf6 gxf6 12.c4 Rd8 13.cxd5 Rxd5 14.Ne4 Be7 15.Qc3 f5
16.Nf6+ Bxf6 17.Qxf6 Qd8 18.Qh6 Qf8 19.Qh4 Bd7 20.Rad1 Rxd1 21.Rxd1 Be8 22.e4 fxe4
23.Ng5 Qg7 24.Nxe4 f5 25.Nf6+ Kh8 26.Rd6 e5 27.Nxh7 Kg8 28.Nf6+ Kf8 29.Nxe8 Kxe8
30.Bh5+ Kf8 31.Rf6+ Kg8 32.Rg6 Qxg6  1-0

[Event "Mayors Cup Open"]
[Site "Mumbai IND"]
[Date "2008.05.17"]
[Round "9"]
[White "Akshat,Kh"]
[Black "Konguvel,P"]
[Result "1/2-1/2"]
[WhiteElo "2287"]
[BlackElo "2373"]

1.d4 Nf6 2.Bg5 d5 3.e3 Ne4 4.Bf4 c5 5.Bd3 Qb6 6.Bxe4 dxe4 7.Ne2 Bg4 8.O-O cxd4
9.exd4 Qxb2 10.Nbc3 Nd7 11.Rb1 Qxc3 12.Nxc3 Bxd1 13.Rfxd1 b6 14.Nb5 Kd8 15.d5 g6
16.h3 Bg7 17.Nc7 Rb8 18.Rb4 Rb7 19.Na6 f5 20.c4 Kc8 21.Rdb1 Bd4 22.Be3 Bxe3
23.fxe3 Nb8 24.Nc5 Rc7 25.Ne6 Na6 26.Ra4 Nc5 27.Nxc5 bxc5 28.Ra6 Rd8 29.Rb5 Rd6
30.Raa5 Kd7 31.Rb8 e6 32.Rh8 exd5 33.Rxh7+ Kc8 34.Rxc7+ Kxc7 35.Rxc5+ Rc6
36.Rxd5 Rxc4 37.g4 fxg4 38.hxg4 Ra4 39.Rg5 Rxa2 40.Rxg6 Re2 41.Ra6 Rxe3 42.Rxa7+ Kd6
43.Kf2 Rf3+ 44.Ke2 Ke5 45.Ra5+ Kf4 46.Rf5+ Kxg4 47.Rxf3  1/2-1/2

[Event "TCh-HUN 2007-8"]
[Site "Budapest HUN"]
[Date "2008.05.18"]
[Round "11"]
[White "Hando,V"]
[Black "Berczes,D"]
[Result "0-1"]
[WhiteElo "2194"]
[BlackElo "2430"]

1.d4 Nf6 2.Bg5 d5 3.Nf3 c5 4.c3 Nc6 5.Nbd2 cxd4 6.cxd4 Qb6 7.Qb3 Qxb3 8.Nxb3 Ne4
9.Bd2 a5 10.a3 a4 11.Nc1 g5 12.h3 Nxd2 13.Kxd2 f6 14.b4 axb3 15.Nxb3 e6 16.a4 Bb4+
17.Kc2 e5 18.e3 O-O 19.Bb5 h6 20.Kb2 e4 21.Ne1 Bd6 22.Rf1 Ne7 23.Rc1 b6 24.Nc2 Be6
25.Nd2 f5 26.f4 Kh7 27.h4 gxf4 28.exf4 Rg8 29.Ne3 Rg3 30.Rce1 Ng6 31.Bc6 Rd8
32.Bxd5 Bxd5 33.Nxd5 Ba3+ 34.Ka2 Rxd5 35.h5 Nh4 36.Rb1 Bf8 37.Rxb6 Rxg2  0-1

[Event "TCh-HUN 2007-8"]
[Site "Budapest HUN"]
[Date "2008.05.18"]
[Round "11"]
[White "Duong The Anh"]
[Black "Rovid,K"]
[Result "1-0"]
[WhiteElo "2381"]
[BlackElo "2296"]

1.d4 Nf6 2.Bg5 c5 3.Bxf6 gxf6 4.dxc5 Qa5+ 5.Nc3 Qxc5 6.Qd2 d6 7.e3 Bg7 8.Nd5 Be6
9.Nf4 Nd7 10.Nxe6 fxe6 11.Ne2 f5 12.Nd4 Qe5 13.f4 Qf6 14.Bb5 Rd8 15.O-O O-O
16.Qa5 a6 17.Bc4 Nc5 18.b4 b5 19.bxc5 bxc4 20.c6 e5 21.Qd5+ Qf7 22.Ne6 exf4
23.Rae1 Rc8 24.Rxf4 Be5 25.Rxc4 Kh8 26.Rh4 Qf6 27.Rh3 Rg8 28.Rf1 Rg6 29.Nf4 Rg5
30.Rhf3 Rcg8 31.R3f2 Rg4 32.g3 R4g5 33.c7 h5 34.Nxh5 Qh6 35.Rxf5 e6 36.Rxg5 Qxg5
37.Qxe6 Qxe3+ 38.Kg2 Qe2+ 39.Rf2 Qe4+ 40.Kh3 Qh7 41.c8=Q  1-0

[Event "TCh-CHN Torch Real Estate Cup"]
[Site "Jiangsu Wuxi CHN"]
[Date "2008.05.19"]
[Round "7"]
[White "Zhang Pengxiang"]
[Black "Li Chao2"]
[Result "0-1"]
[WhiteElo "2640"]
[BlackElo "2582"]

1.d4 Nf6 2.Bg5 d5 3.Nd2 Nbd7 4.Ngf3 g6 5.e3 Bg7 6.c4 O-O 7.Be2 c5 8.cxd5 Nxd5
9.O-O h6 10.Bh4 b6 11.Nb3 Bb7 12.dxc5 Bxb2 13.Rb1 Bg7 14.Bb5 Nxc5 15.Nxc5 bxc5
16.Bc4 Nb6 17.Qxd8 Rfxd8 18.Bxe7 Rd7  0-1

[Event "Mayors Cup Open"]
[Site "Mumbai IND"]
[Date "2008.05.19"]
[Round "11"]
[White "Abdulla,AlR"]
[Black "Konguvel,P"]
[Result "1-0"]
[WhiteElo "2514"]
[BlackElo "2373"]

1.d4 Nf6 2.Bg5 d5 3.e3 c5 4.Bxf6 gxf6 5.c4 dxc4 6.Bxc4 cxd4 7.exd4 Nc6 8.Ne2 Bg7
9.d5 Ne5 10.Bb5+ Kf8 11.Nbc3 Bf5 12.Nd4 Bg4 13.Be2 Bd7 14.Qb3 Qb6 15.Qxb6 axb6
16.O-O f5 17.Rfd1 Rd8 18.Rac1 Bh6 19.Rc2 Rg8 20.Bb5 Bxb5 21.Ndxb5 Rg6 22.Na4 Rc6
23.Rc3 e6 24.Kf1 exd5 25.Nd4 Rf6 26.Rc7 Rd7 27.Rxd7 Nxd7 28.Nc3 Bg7 29.Nxd5 Rh6
30.Nxf5 Rxh2 31.Kg1 Rh5 32.Nde3  1-0

[Event "Bicentenary Open"]
[Site "Mostoles ESP"]
[Date "2008.05.22"]
[Round "3"]
[White "Martin Consuegra Barrilero,J"]
[Black "Ruiz Martin,J"]
[Result "0-1"]
[WhiteElo "1867"]
[BlackElo "2100"]

1.d4 Nf6 2.Bg5 c5 3.Bxf6 gxf6 4.c3 Qb6 5.Qd2 Bg7 6.e3 d5 7.Ne2 e5 8.dxc5 Qxc5
9.g3 O-O 10.Bg2 Rd8 11.O-O Nc6 12.b4 Qd6 13.Na3 a6 14.Nc2 Be6 15.a4 Bh6 16.Rad1 Rac8
17.f4 Ne7 18.Kh1 Bg4 19.Bf3 Bxf3+ 20.Rxf3 Qc6 21.b5 axb5 22.Nb4 Qc5 23.axb5 Qxb5
24.Rdf1 e4 25.R3f2 f5 26.Nd4 Qc4 27.Rc1 Bg7 28.Rff1 Rc7 29.Qd1 Rd6 30.Qa4 Bxd4
31.Qe8+ Kg7 32.cxd4 Qe2 33.Rce1 Qd2 34.Qb5 Rc4 35.Rb1 Rh6 36.h4 Rg6 37.Rg1 Qxe3
38.Nxd5 Qf3+ 39.Rg2 Rc2 40.Rg1 Rxg2 41.Rxg2 Rxg3 42.Ne3 Qxe3 43.Qe5+ Kh6
44.Rxg3 Qxg3 45.Qxe7 Qe1+ 46.Kg2 Qe2+ 47.Kh1 Qf1+ 48.Kh2 Qxf4+ 49.Kh3 Qg4+
50.Kh2 f4 51.Qf6+ Qg6 52.Qxf4+ Kg7 53.Qe5+ Kf8 54.Qb8+ Ke7 55.Qxb7+ Ke6 56.Qc8+ Kf6
57.Qe8 Qf5 58.Qd8+ Kg6 59.Qd6+ Kg7 60.Qg3+ Kf6 61.Qd6+ Qe6 62.Qd8+ Qe7 63.Qh8+ Kg6
64.Qg8+ Kh6 65.Qg3 Kh5 66.Qe3 Qxh4+ 67.Kg2 Qg5+ 68.Kf2 Qxe3+ 69.Kxe3 f5 70.d5 Kg6
71.Kd4 Kf7  0-1

[Event "11th Open A"]
[Site "Voesendorf AUT"]
[Date "2008.05.22"]
[Round "2"]
[White "Sucher,J"]
[Black "Fichtinger,L"]
[Result "0-1"]
[WhiteElo "2207"]
[BlackElo "2074"]

1.d4 Nf6 2.Bg5 c5 3.Nc3 cxd4 4.Bxf6 gxf6 5.Qxd4 Nc6 6.Qh4 Qa5 7.O-O-O Qg5+
8.Qxg5 fxg5 9.Nd5 Kd8 10.e3 e6 11.Nf6 Be7 12.Ne4 Kc7 13.Nh3 h6 14.Be2 a6
15.f4 f5 16.Ng3 g4 17.Nf2 Bc5 18.Nf1 Nb4 19.h3 gxh3 20.Rxh3 Nxa2+ 21.Kb1 Nb4
22.c3 Nd5 23.Nd3 Bf8 24.Rg3 d6 25.Rg6 Ne7 26.Rf6 Rg8 27.Bf3 Bd7 28.Nd2 Rg6
29.Rf7 Rg7 30.Rf6 Ng8 31.Rxf8 Rxf8 32.Nc4 Bb5 33.Na5 b6 34.c4 Ba4 35.b3 Bd7
36.Nb7 Bc8  0-1

[Event "XXVII Open"]
[Site "Zalakarosi HUN"]
[Date "2008.05.22"]
[Round "1"]
[White "Duong The Anh"]
[Black "Remete,E"]
[Result "1-0"]
[WhiteElo "2403"]
[BlackElo "2128"]

1.d4 Nf6 2.Bg5 d5 3.e3 Nbd7 4.c4 c6 5.Nf3 g6 6.Nc3 Bg7 7.Rc1 Qa5 8.cxd5 cxd5
9.Nd2 a6 10.Be2 Ne4 11.Ndxe4 dxe4 12.Bh4 b5 13.O-O Bb7 14.Qb3 b4 15.a3 bxc3
16.Qxb7 Rb8 17.Qxe4 g5 18.b4 Qxa3 19.Bxg5 Qxb4 20.Rxc3 f6 21.Rc4 Qb2 22.Bh5+ Kd8
23.Bf4 Rb7 24.Qc6  1-0

[Event "11th Open A"]
[Site "Voesendorf AUT"]
[Date "2008.05.24"]
[Round "4"]
[White "Sucher,J"]
[Black "Hirsch,Ad"]
[Result "0-1"]
[WhiteElo "2207"]
[BlackElo "2082"]

1.d4 Nf6 2.Bg5 g6 3.Nc3 d5 4.f3 Bg7 5.e4 dxe4 6.fxe4 c6 7.Nf3 Bg4 8.Qd2 Nbd7
9.h3 Bxf3 10.gxf3 Qa5 11.O-O-O O-O-O 12.Bg2 e5 13.Be3 exd4 14.Qxd4 Nb6 15.Qc5 Qxc5
16.Bxc5 Rxd1+ 17.Rxd1 Rd8 18.Rd3 Nh5 19.Be7 Bh6+ 20.Kd1 Re8 21.Bc5 Nf4 22.Rd2 Nc4
23.Rf2 Nxb2+ 24.Ke1 Nbd3+ 25.cxd3 Nxd3+ 26.Ke2 Nxc5 27.Rf1 Rd8 28.f4 Ne6
29.Ke3 g5 30.f5 Nf4 31.Rxf4 gxf4+ 32.Ke2 f3+  0-1

[Event "XXVII Open"]
[Site "Zalakarosi HUN"]
[Date "2008.05.26"]
[Round "5"]
[White "Duong The Anh"]
[Black "Romanishin,O"]
[Result "1/2-1/2"]
[WhiteElo "2403"]
[BlackElo "2514"]

1.d4 Nf6 2.Bg5 d5 3.Bxf6 exf6 4.e3 Be6 5.g3 c6 6.Bg2 Bd6 7.Ne2 O-O 8.O-O Nd7
9.Nd2 Nb6 10.e4 Re8 11.exd5 Bxd5 12.Bxd5 Nxd5 13.Nc3 Nxc3 14.bxc3 Bf8 15.Rb1 Qd7
16.Qf3 Rad8 17.Nc4 b6 18.Ne3 Qe6 19.a4 g6 20.Rfd1 f5 21.a5 bxa5 22.Ra1 Bh6
23.Re1 a4 24.Rxa4 c5 25.dxc5 Qe5 26.Rc4 Qe6 27.Rd4 Bg7 28.Rxd8 Rxd8 29.Rd1 Rxd1+
30.Qxd1 Bf8 31.Qd8 Qc6 32.Nd5 Qxc5 33.Nf6+ Kg7 34.Ne8+ Kg8 35.Nf6+ Kg7 36.Ne8+ Kg8
37.Nf6+  1/2-1/2

[Event "Bicentenary Open"]
[Site "Mostoles ESP"]
[Date "2008.05.27"]
[Round "6"]
[White "Martin Consuegra Barrilero,J"]
[Black "Rodriguez Bachiller,L"]
[Result "1/2-1/2"]
[WhiteElo "1867"]
[BlackElo "1898"]

1.d4 Nf6 2.Bg5 c5 3.Bxf6 gxf6 4.d5 Qb6 5.Qc1 f5 6.e3 Bg7 7.c3 d6 8.g3 Nd7
9.Nd2 Ne5 10.Ngf3 Nxf3+ 11.Nxf3 Bd7 12.a4 Qb3 13.Qd2 Bxa4 14.Ra3 Bxc3 15.Rxb3 Bxd2+
16.Nxd2 Bxb3 17.Bb5+ Kd8 18.Nxb3 a6 19.Be2 a5 20.Nd2 Kc7 21.Nb1 h5 22.h4 e6
23.Nc3 Kd7 24.Bb5+ Kc7 25.b3 Kb6 26.Bc4 Rh6 27.Ke2 Kc7 28.Nb5+ Kd7 29.Rd1 e5
30.Nc3 Rf6 31.f4 e4 32.Kf2 Rh6 33.Ra1 Rhh8 34.Na4 Kc7 35.Bb5 Rhd8 36.Be2 Rh8
37.Nb2 b6 38.Bb5 Rag8 39.Bc6 Rg6 40.Nc4 Rhg8 41.Rg1 Rf6 42.Na3 Rb8 43.Nb5+ Kd8
44.Nc3 Kc7 45.Bb5 Ra8 46.Ra1 Rg6 47.Ba4 Rag8 48.Ne2 Rb8 49.Bb5 Rg7 50.Rc1 Rbg8
51.Rg1 Rg6 52.Rg2 Rb8 53.Nc3 Ra8 54.Rg1 Rb8 55.Ba4 Rbg8 56.Nb5+ Kd8 57.Na7 Kc7
58.Bb5 Rh8 59.Nc6 Rf6 60.Rc1 Kb7 61.Be2 Rg6 62.Rg1 Rf6 63.Bf1 Kc7 64.Bh3 Kd7
65.Ra1 Rc8 66.Na7 Rc7 67.Nb5 Rb7 68.Nc3 Kc7 69.Nb5+ Kd7 70.Ra4 Ke7 71.Rc4 Rb8
72.Ra4  1/2-1/2

[Event "Doroshkevich mem"]
[Site "Maykop RUS"]
[Date "2008.05.30"]
[Round "7"]
[White "Gochelashvili,D"]
[Black "Petrov,Ar"]
[Result "1-0"]
[WhiteElo "2442"]
[BlackElo "2335"]

1.d4 Nf6 2.Bg5 g6 3.Bxf6 exf6 4.c4 d6 5.Nc3 Bg7 6.g3 O-O 7.Bg2 c5 8.e3 Qb6
9.b3 Nc6 10.Nge2 Bg4 11.Qd2 Bxe2 12.Nxe2 f5 13.Rd1 a5 14.Bxc6 Qxc6 15.O-O a4
16.Nc3 axb3 17.axb3 Rfe8 18.Qd3 h5 19.Nd5 Kh7 20.b4 cxb4 21.Nxb4 Qf3 22.Nd5 h4
23.Rb1 Ra2 24.Qd1 Qe4 25.Nc3 Qc2 26.Nxa2 Qxa2 27.Qf3 Re4 28.Rfc1 Qa6 29.Rb5 Qa3
30.Rcb1 Qd3 31.Qd1 Qxc4 32.Qb3 Qe2 33.Rxb7 hxg3 34.hxg3 Rg4 35.Rxf7 Qf3 36.Qd1  1-0

[Event "XXVII Open"]
[Site "Zalakarosi HUN"]
[Date "2008.05.30"]
[Round "9"]
[White "Bui Vinh"]
[Black "Medvegy,Z"]
[Result "1/2-1/2"]
[WhiteElo "2448"]
[BlackElo "2512"]

1.d4 Nf6 2.Bg5 d5 3.e3 c6 4.Bd3 Bg4 5.Ne2 e6 6.O-O Be7 7.Nd2 Bf5 8.Bxf5 exf5
9.c4 Nbd7 10.Qc2 g6 11.Nf4 dxc4 12.Nxc4 O-O 13.Rfd1 Nd5 14.Bxe7 Qxe7 15.Nxd5 cxd5
16.Nd2 Rfc8 17.Qb3 Nf6 18.Rac1 Rc7 19.Nb1 Rac8 20.Rxc7 Qxc7 21.Nc3 Qd7 22.h3 Rc4
23.Ne2 Qc6 24.Nf4 Kg7 25.Nd3 Qc7 26.a3 b6 27.Rb1 Rc2 28.Nc5 Rc4 29.Nd3 Ne4
30.Qb5 Nf6 31.Qb3 a5 32.Rd1 Rc2 33.Nc5 Rc4 34.Nd3 h6 35.Qb5 Rc2 36.Nf4 Rc1
37.Rxc1 Qxc1+ 38.Kh2 Ne4 39.Qe2 Qc4 40.f3 Qxe2 41.Nxe2 Nd2 42.Nc3 Nf1+ 43.Kg1 Nxe3
44.f4 g5 45.g3 Nc2 46.Nxd5 b5 47.Kf2 Nxd4 48.Nc7 b4 49.axb4 axb4 50.Ke3 Ne6
51.Nd5 b3 52.Ne7 Kf6 53.Nd5+ Kg6 54.Ne7+ Kf6  1/2-1/2

[Event "XXX Nezhmetdinov Mem"]
[Site "Kazan RUS"]
[Date "2008.06.03"]
[Round "3"]
[White "Zabotin,A"]
[Black "Kokarev,Dm"]
[Result "0-1"]
[WhiteElo "2496"]
[BlackElo "2579"]

1.d4 Nf6 2.Bg5 c5 3.Bxf6 gxf6 4.d5 Qb6 5.Nd2 f5 6.Rb1 e6 7.g3 exd5 8.Bg2 d4
9.c3 Bg7 10.cxd4 cxd4 11.Qc2 O-O 12.Qxf5 d5 13.Qh5 Nd7 14.Qxd5 Ne5 15.Qb3 Bf5
16.Ra1 Qa5 17.Qd5 b5 18.a3 Rad8 19.b4 Qb6 20.Qc5 Qe6 21.Kf1 d3 22.e4 Nc4
23.Nxc4 Bxa1  0-1

[Event "ch-LIB"]
[Site "Beirut LIB"]
[Date "2008.06.05"]
[Round "2"]
[White "Shamieh,J"]
[Black "Moudallal,T"]
[Result "0-1"]
[WhiteElo "2186"]
[BlackElo "1825"]

1.d4 Nf6 2.Bg5 c5 3.e3 Ne4 4.Bh4 g5 5.Bg3 Qb6 6.Nc3 Nxg3 7.hxg3 cxd4 8.Qxd4 Qxd4
9.exd4 Nc6 10.Nb5 Kd8 11.O-O-O a6 12.Nc3 Bg7 13.Ne4 h6 14.d5 Ne5 15.d6 e6
16.f4 f5 17.Nc5 Ng4 18.Nh3 gxf4 19.gxf4 Ne3 20.Rd3 Nxf1 21.Rxf1 b6 22.Na4 Rb8
23.Rb3 b5 24.Rd1 b4 25.Rg3 Rg8 26.Rdd3 a5 27.Rg6 Bxb2+ 28.Kxb2 Rxg6 29.g3 Rb5
30.Ng1 Bb7 31.Ne2 Rd5 32.Nd4 Ba6 33.Rd2 Ke8 34.g4 Rxg4 35.Nxe6 Rxd2 36.Nc7+  0-1

[Event "TCh-BIH"]
[Site "Neum BIH"]
[Date "2008.06.05"]
[Round "2"]
[White "Sedlak,N"]
[Black "Palac,M"]
[Result "1-0"]
[WhiteElo "2582"]
[BlackElo "2559"]

1.d4 Nf6 2.Bg5 c5 3.Bxf6 gxf6 4.d5 Qb6 5.Qc1 f5 6.c4 Bg7 7.Nc3 e5 8.e3 d6
9.Bd3 e4 10.Be2 Nd7 11.Nh3 Ne5 12.O-O h5 13.Qc2 h4 14.a3 Bd7 15.Kh1 Rc8 16.f3 exf3
17.gxf3 Kf8 18.Rg1 Re8 19.Raf1 Qd8 20.e4 fxe4 21.Ng5 exf3 22.Bxf3 Bh6 23.Nxf7 Kxf7
24.Bh5+ Ke7 25.Qe4 Bf5 26.Qxf5 Qc8 27.Qf6+ Kd7 28.Nb5  1-0

[Event "TCh-BIH"]
[Site "Neum BIH"]
[Date "2008.06.05"]
[Round "2"]
[White "Solak,D"]
[Black "Balogh,C"]
[Result "1/2-1/2"]
[WhiteElo "2630"]
[BlackElo "2559"]

1.d4 Nf6 2.Bg5 d5 3.Bxf6 exf6 4.e3 c6 5.c4 dxc4 6.Bxc4 Bd6 7.Nc3 f5 8.Nf3 O-O
9.Qc2 Nd7 10.Bd3 g6 11.h4 h5 12.O-O-O Nf6 13.Kb1 b5 14.Ne5 Qc7 15.f4 b4 16.Na4 Be6
17.Bc4 Bd5 18.Bxd5 cxd5 19.Qxc7 Bxc7 20.Nc5 Rfe8 21.Rc1 a5 22.Kc2 Re7 23.Kd3 Rae8
24.Rhe1 Ng4 25.Nxg4 hxg4 26.g3 f6 27.Na6 Bd6 28.Rc6 Rd7 29.Nc5 Bxc5 30.Rxc5 a4
31.Rc6 Kf7 32.Rec1 a3 33.b3 Rde7 34.Rc7 Rb8 35.Rxe7+ Kxe7 36.Rc7+ Ke6 37.Rg7 Rc8
38.Kd2 Rb8 39.Ke2 Rh8 40.Rb7 g5 41.fxg5 fxg5 42.hxg5 Rg8 43.Rb6+ Ke7 44.Rxb4 Rxg5
45.Rb7+ Ke6 46.Rb6+ Ke7 47.Rh6 Rg8 48.Kd3 Re8 49.Rh1 Kd6 50.Kd2 Ke6 51.b4 Kd7  1/2-1/2

[Event "XXX Nezhmetdinov Mem"]
[Site "Kazan RUS"]
[Date "2008.06.08"]
[Round "8"]
[White "Skomorokhin,R"]
[Black "Vokarev,S"]
[Result "0-1"]
[WhiteElo "2378"]
[BlackElo "2502"]

1.d4 Nf6 2.Bg5 d5 3.c3 c6 4.Nd2 Bf5 5.Qb3 Qb6 6.Ngf3 Nbd7 7.e3 h6 8.Bh4 g5
9.Bg3 Nh5 10.Be2 Nxg3 11.hxg3 Bg7 12.Nh2 h5 13.Nhf3 Bf6 14.c4 e6 15.Rc1 h4
16.gxh4 g4 17.Ng1 Rxh4 18.Rxh4 Bxh4 19.Qa3 Be7 20.c5 Qc7 21.Nf1 Be4 22.g3 f5
23.Nd2 Nf6 24.Nxe4 Nxe4 25.Bd3 Nxg3 26.fxg3 Qxg3+ 27.Kd2 Bg5 28.Bc2 O-O-O
29.Ne2 Qf3 30.Rg1 Rh8 31.Qd3 Rh3 32.Re1 Qf2 33.Kd1 Rxe3 34.Qd2 Bh4 35.Rh1 Rh3
36.Rg1 Re3 37.Rh1 f4 38.Bg6 Bf6 39.Bh5 Qf3 40.Qe1 Qe4 41.Bxg4 Qb1+ 42.Nc1 Rxe1+
43.Rxe1 Qxb2 44.Rxe6 Qxd4+ 45.Ke2 Qb2+ 46.Kd1 Kc7 47.Nd3 Qb1+  0-1

[Event "FSGM June"]
[Site "Budapest HUN"]
[Date "2008.06.09"]
[Round "3"]
[White "Duong The Anh"]
[Black "Bluvshtein,M"]
[Result "0-1"]
[WhiteElo "2403"]
[BlackElo "2544"]

1.d4 Nf6 2.Bg5 d5 3.e3 c5 4.Bxf6 gxf6 5.dxc5 e6 6.Nc3 Bxc5 7.Qh5 f5 8.O-O-O Nd7
9.Bb5 Qf6 10.Nge2 a6 11.Ba4 b5 12.Bb3 Bb7 13.Nf4 O-O-O 14.Nd3 Bd6 15.Ne2 Qg6
16.Qh3 Qg4 17.Qxg4 fxg4 18.h3 d4 19.Nef4 Bxf4 20.Nxf4 e5 21.Nh5 Bxg2 22.Rh2 gxh3
23.Re1 d3 24.Bxf7 Nc5 25.Rd1 Rhf8 26.b4 d2+ 27.Rxd2 Rxd2 28.bxc5 Rxf2 29.Be6+ Kc7
30.Bxh3 Be4 31.Rxf2 Rxf2  0-1

[Event "ch-Panamerican U20"]
[Site "Cali COL"]
[Date "2008.06.11"]
[Round "3"]
[White "Ordinola Capcha,J"]
[Black "Marin,H"]
[Result "1-0"]
[WhiteElo "2031"]
[BlackElo "1906"]

1.d4 Nf6 2.Bg5 g6 3.Bxf6 exf6 4.e3 Bg7 5.g3 O-O 6.Bg2 d6 7.Ne2 Nc6 8.O-O Bd7
9.c4 Re8 10.Nbc3 f5 11.Rb1 b6 12.Qc2 Nb4 13.Qb3 Nc6 14.Rfd1 Qg5 15.Nb5 Qd8
16.Nf4 Na5 17.Qc3 Bc6 18.Nd5 Bxd5 19.cxd5 Rc8 20.Nxa7 Ra8 21.Nb5 Rc8 22.b4 Nb7
23.Qc6 Rb8 24.Qxc7 Qxc7 25.Nxc7 Rec8 26.Rdc1 Bf6 27.Rc2 Bd8 28.Rbc1 Bxc7
29.Rxc7 Rxc7 30.Rxc7 Nd8 31.Bf1 b5 32.Rd7 Kf8 33.Rxd6 Ke7 34.Ra6 Kd7 35.Ra5 Kd6
36.Bxb5 Nb7 37.Ra6+ Ke7 38.Rb6 Kd8 39.Bc6 Kc8 40.Rxb7 Rxb7 41.Bxb7+ Kxb7
42.a4 Kc7 43.f3 Kd6 44.e4 fxe4 45.fxe4 f5 46.e5+ Kxd5 47.a5 Kxd4 48.e6 Kc4
49.e7 Kxb4 50.a6 Kc5 51.e8=Q Kb6 52.Qe6+ Kb5 53.a7 Kc5 54.a8=Q Kd4 55.Qd8+ Kc3
56.Qc6+ Kb3 57.Qb8+ Ka3 58.Qa6+  1-0

[Event "58th ch-RUS w HL"]
[Site "Chelyabinsk RUS"]
[Date "2008.06.11"]
[Round "8"]
[White "Tomilova,E"]
[Black "Kovalevskaya,E"]
[Result "0-1"]
[WhiteElo "2303"]
[BlackElo "2421"]

1.d4 Nf6 2.Bg5 d5 3.Bxf6 gxf6 4.Nc3 Bf5 5.e3 e6 6.Bd3 Bg6 7.f4 c6 8.f5 Bxf5
9.Bxf5 exf5 10.Qf3 Qe7 11.Nge2 Nd7 12.O-O O-O-O 13.Ng3 f4 14.Qxf4 Qb4 15.Rab1 Bd6
16.Qf3 Bxg3 17.Qxg3 Rde8 18.a3 Qe7 19.Rbe1 Rhg8 20.Qh4 Qd6 21.Qf4 Qe6 22.e4 Rg4
23.exd5 Rxf4 24.dxe6 Rxf1+ 25.Rxf1 fxe6 26.Ne4 Rf8 27.c4 Kc7 28.b4 h6 29.Re1 e5
30.d5 f5 31.d6+ Kc8 32.Nc5 Nxc5 33.bxc5 e4 34.Kf2 b6 35.cxb6 axb6 36.Rb1 Kd7
37.Rxb6 Kxd6 38.Ra6 f4 39.Ra5 c5 40.Ra7 Rb8 41.a4 e3+ 42.Kf3 Rb1 43.g3 Rf1+
44.Ke2 Rf2+ 45.Ke1 f3 46.Rf7 Ke5 47.Rf4 Re2+ 48.Kf1 Rxh2 49.Rxf3 Kd4 50.Rf6 Kxc4
51.Re6 Kd3 52.Rd6+ Ke4 53.a5 c4 54.a6 c3 55.Rc6 Ra2 56.Rxc3 Kf3 57.Kg1 Ra1+
58.Kh2 Rxa6 59.Rc8 Ra2+ 60.Kh3 e2 61.Rf8+ Ke3 62.Re8+ Kd2 63.Rd8+ Kc1 64.Re8 Kd1  0-1

[Event "FSGM June"]
[Site "Budapest HUN"]
[Date "2008.06.13"]
[Round "7"]
[White "Duong The Anh"]
[Black "Roussel Roozmon,T"]
[Result "1/2-1/2"]
[WhiteElo "2403"]
[BlackElo "2489"]

1.d4 Nf6 2.Bg5 c5 3.Nc3 d5 4.Bxf6 gxf6 5.e3 e6 6.dxc5 Bxc5 7.Qh5 f5 8.O-O-O Nd7
9.Nf3 Qe7 10.Be2 a6 11.Nd4 Nf6 12.Qf3 Bd7 13.h3 Rg8 14.g4 fxg4 15.hxg4 Rxg4
16.Rxh7 Nxh7 17.Qxg4 O-O-O 18.Rh1 Nf6 19.Qh4 Bb4 20.Nb1 Kb8 21.c3 Bd6 22.Nd2 e5
23.N4b3 Bf5 24.Bd1 Ne4 25.Bc2 Qxh4  1/2-1/2

[Event "IM"]
[Site "Danang VIE"]
[Date "2008.06.15"]
[Round "7"]
[White "Elorta,D"]
[Black "Bao Quang"]
[Result "1-0"]
[WhiteElo "2409"]
[BlackElo "2332"]

1.d4 Nf6 2.Bg5 d5 3.Nf3 e6 4.c4 Be7 5.Nc3 O-O 6.e3 b6 7.cxd5 exd5 8.Ne5 Bb7
9.Bd3 Ne4 10.Bxe7 Qxe7 11.O-O Nd7 12.Nxd7 Qxd7 13.Rc1 Rac8 14.b4 f5 15.Qa4 Qxa4
16.Nxa4 Nd6 17.Rfe1 c6 18.Nc3 b5 19.a4 a6 20.a5 Rcd8 21.Ne2 Nc4 22.h4 Bc8
23.Nf4 Rfe8 24.g3 g6 25.Kg2 Kf7 26.Bb1 Kf6 27.Nd3 Bd7 28.Ba2 Re7 29.Red1 h6
30.Rh1 Rde8 31.Nc5 Bc8 32.Bxc4 bxc4 33.Kf3 Ra7 34.Ke2 Rae7 35.Kd2 Kg7 36.Rce1 Rf7
37.f3 Ref8 38.Re2 Rf6 39.Rhe1 g5 40.hxg5 hxg5 41.e4 fxe4 42.fxe4 Rf2 43.e5 Bg4
44.Rxf2 Rxf2+ 45.Kc1 Bf5 46.Re3 Bc8 47.e6 Rf1+ 48.Kd2 Rf2+ 49.Ke1 Rf8 50.Kd2 Kf6
51.Re5 Rh8 52.Kc3 Ke7 53.b5 cxb5 54.Rxd5 Rh3 55.Kb4 Rxg3 56.Ne4  1-0

[Event "Serbia Cup"]
[Site "Zlatibor SRB"]
[Date "2008.06.17"]
[Round "2"]
[White "Sedlak,N"]
[Black "Marinkovic,Sl"]
[Result "1/2-1/2"]
[WhiteElo "2582"]
[BlackElo "2373"]

1.d4 Nf6 2.Bg5 d5 3.e3 c5 4.c3 Ne4 5.Bf4 Nc6 6.Bd3 cxd4 7.exd4 Bf5 8.Ne2 e6
9.f3 Nd6 10.Bxd6 Bxd6 11.Bxf5 exf5 12.f4 Qd7 13.Qd3 O-O 14.Nd2 Rfe8 15.O-O a6
16.Rae1 g6 17.Qf3 Bf8 18.Nc1 Re6 19.Nd3 Rae8 20.Rxe6 Rxe6 21.Re1 f6 22.Rxe6 Qxe6
23.Kf2 Bd6 24.a3 Ne7 25.g3 h5 26.Ne1 Qd7 27.Qe2 Kf7 28.Nd3 Qc6 29.Ke1 a5
30.Kd1 b5 31.Nb3 a4 32.Nd2 Nc8 33.Nf1 Nb6 34.Ne3 Qe8 35.Ke1 Qc6 36.Qf3 Be7
37.Kf1 Qe6 38.Nf2 Qc6 39.h3 Qe6 40.Kg2 Kg7 41.g4 hxg4 42.hxg4 Nc4 43.Nxc4 bxc4
44.gxf5 Qxf5 45.Qg4 Qxg4+ 46.Nxg4 Kf7 47.Kf3 Ke6 48.Ne3 f5 49.Ng2 g5 50.Ne3 gxf4
51.Ng2 Bg5  1/2-1/2